| 000 | 00694nam a22001817a 4500 | ||
|---|---|---|---|
| 003 | OSt | ||
| 005 | 20260115030033.0 | ||
| 008 | 260115b |||||||| |||| 00| 0 eng d | ||
| 020 | _a 978-621-8035-44-7 | ||
| 040 |
_aDWC-Main lib _cOC |
||
| 082 | _aFil. 690.023 P843s 2019 | ||
| 100 | _aPorte , Virgilio | ||
| 245 |
_aSimplified methods on building construction ( for fresh engineers) Part 2: _bOrganizing & Estimating Basic Planning & Scheduling Monitoring & Controlling/ _cVirgilio Porte |
||
| 260 |
_aQuezon City : _b Lorimar Publishing , _cc2019. |
||
| 300 |
_aviii , 237 pages : _billustrations ; _c 27cm. |
||
| 650 | _a1. Building and Construction | ||
| 942 |
_2ddc _cBK - FIL _kFil. _n0 |
||
| 999 |
_c7406 _d7406 |
||